01328cam a2200361 a 450000100090000000300040000900500170001300800410003001000170007102000220008802000250011002500240013503500240015903500210018303700530020404000350025704200260029205000220031808200230034024501240036324600650048725000230055226000490057530000190062450000190064352001090066254600140077165000260078565000330081165000390084470000410088370000420092416848156OSt20200606120134.0110307m20109999ii 000 1 hin d a 2011324053 a8188381624 (v. 1) a9788188381623 (v. 1) aI-H-2011-324053; 09 a(OCoLC)ocn707607556 a(OCoLC)707607556 aLibrary of Congress -- New Delhi Overseas Office aDKAGEbengcMESKC librarydDLC alccopycatalcodeapcc00aPK2077b.V55 201004a891.433222bPAT/V00aVikalāṅga-vimarśa kī kahāniyāṃ /csampādaka, Vinaya Kumāra Pāṭhaka, Rājeśa Kumāra Mānasa.1 iTitle on t.p. verso in roman:aVikalang-vimarsh ki kahaniyan a1. saṃskaraṇa. aDillī :bNīraja Buka Seṇṭara,c2010- a200p ;c23 cm. aShort stories. aCollected stories based on the social condition of people with physical disabilities by various authors. aIn Hindi. 0aShort stories, Hindi. 0aHindi fictiony21st century. 0aPeople with disabilitiesvFiction.1 aPāṭhaka, Vinaya Kumāra,d1947-1 aMānasa, Rājeśa Kumāra,d1965-